01427nam a22003377a 4500003000400000005001700004008004100021040002200062082001800084100003000102245003000132260006000162300002100222366000800243490002900251505001200280505005500292505016000347505001200507650006000519650005200579650005300631650004300684650004500727650005600772650004700828700003600875942002900911999001500940952013400955OSt20230616144158.0221006b |||||||| |||| 00| 0 eng d cBiblioteca Lado V a709.05bG851a 9855aGriffin, Timeeditor aArtforum/bInternacional/ aNew Yorkc2011bNew York editorial and business offices c26.5x27cma256p. espa aFebrerov2011x0864-1315 tLetters tCOLUMNSaFilm Media Slant Books Music Top Ten tFEATURESgJoint Ventures Group Think Corps Concept Somenthing for Everyone Statements Artist Project Dark Energy Close-up Coming of age Openings  tReviews 2Tesauro de Arte & ArquitecturaaARTE COMTEMPORANEO9703 2Tesauro de Arte & ArquitecturaaFOTOGRAFIA9702 2Tesauro de Arte & ArquitecturaaARTE VISUAL9702 2Tesauro de Arte & ArquitecturaaLIBROS 2Tesauro de Arte & ArquitecturaaNOTICIAS 2 Tesauro de Arte & ArquitecturaaARTE INTERNACIONAL 2 Tesauro de Arte & ArquitecturaaESCULTURA aNavarreta, Jose Antonioeeditor 2ddcc1h709.05iG851an0 c3876d3876 00102ddc3201140708RevistasaLVbLVd2023-06-16hFebreroi002889l0o709.05 G851ap002889r2023-06-16 00:00:00w2023-06-16y1